000 00492nam a22001457a 4500
999 _c19520
_d19520
008 240304b ||||| |||| 00| 0 eng d
020 _a9788854414709
082 _aDC 810.80358
_bD361 2019
100 _aDe Fabianis, Valeria Manferto.
_953968
245 _a365 days of peace /
_cValeria Manferto De Fabianis.
260 _aItaly :
_bWhite Star Publisher,
_c©2019.
300 _a[391 pages] :
_bcolor illustrations ;
_c21 cm.
650 _aPeace
_xLiterary collections.
_954323
942 _2ddc
_cDC